Cumplimiento de las sentencias de amparo /

Enregistré dans:
Détails bibliographiques
Auteur principal: Sierra Ladrón de Guevara, Rosalía Paulina (autor)
Format: Thèse Livre
Langue:espagnol
Sujets:
Tags: Ajouter un tag
Pas de tags, Soyez le premier à ajouter un tag!

MARC

LEADER 00000nam^a2200000^a^4500
001 000172358
005 20250521000000.0
009 20260310101415.644
037 |a Acervo ITESO - Biblioteca 
041 |a ESP 
090 |a DER. 598 
100 |a Sierra Ladrón de Guevara, Rosalía Paulina  |e (autor) 
245 1 0 |a Cumplimiento de las sentencias de amparo /  |c R.P. Sierra Ladrón de Guevara. 
264 |a Guadalajara, México :  |b edición de autor,  |c 2004 
300 |a 1 disco compacto de computadora 
336 |a datos para computadora  |b cod  |2 rdacontenido 
337 |a computadora  |b c  |2 rdamedio 
338 |a disco de computadora  |b cd  |2 rdasoporte 
502 |a ITESO Tesis de Licenciatura en Derecho 
649 |a XX 
650 |a Tribunales -  |z México 
650 |a Sentencias -  |z México 
650 |a Ejecuciones (Derecho) -  |z México 
650 |a Cumplimiento (Derecho) -  |z México 
650 |a Procedimientos Civiles -  |z México 
650 |a Derecho Procesal Civil -  |z México 
650 |a Derecho Procesal -  |z México 
650 |a Derecho Civil -  |z México 
650 |a Derecho Privado -  |z México 
910 |a Fondo General 
920 |a Electrónicos - Tesis del ITESO en Disco 
905 |a 202 
901 |a 0500258096  |b IT2  |c STS  |u 20250521 
902 |a https://opac.biblio.iteso.mx/vufind/Record/000172358